000 01201nam a2200241Ii 4500
003 JO-AjNU
005 20240623124627.0
008 230605s9999||||xx |||||||||||||| ||und||
040 _aJO-AjNU
_bara
_erda
_cJO-AjNU
041 _aara
100 _aفيلالي، طارق
_964857
_eمعد
245 _aمدى اعتماد المصارف التجارية الأردنية على تحليل مخاطر الائتمان في اتخاذ قرارات الاقراض = The Dependence of Jordanian Commercial Banks on Credit Risk Analysis in Making lending،s Dcisions
_c / اعداد طارق فيلالي ؛ اشراف علي حسين مقابلة، زياد محمد زريقات
260 _c2011
300 _a121 ورقه
336 _atext
_btxt
_2rdacontent
337 _aunmediated
_bn
_2rdamedia
338 _avolume
_bnc
_2rdacarrier
500 _aرساله جامعية (ماجستير) - جامعة اليرموك، 2011
650 _vالبنوك التجارية-ائتمان-الاردن-البنوك التجارية-قروض
700 _aعلي حسين المقابلة
_964786
_eمشرف
700 _aزياد محمد زريقات
_964858
_eمشرف مشارك
942 _2lcc
_cTHS
999 _c32994
_d32994